000
00247 a2200097 4500
001
51493
100
_a
Weber J E
245
_a
Mathematical Analysis Business & Economic Application
260
_a
New York
_b
Harper & Row
_c
090
_c
32617
_d
32617
942
_a
NUST-CAE
_c
M
_c
25133
999
_c
286566
_d
286566